000 01016nam a2200313Ia 4500
003 OSt
005 20221007122610.0
006 a|||||r|||| 00| 0
007 ta
008 221006b |||||||| |||| 00| 0 eng d
020 _a9788181282002 (pbk)
_c0
024 _a128135
037 _b1288, 28/03/2011, Ashutosh Technical Books
_cTextbook
040 _aPAPL
_cPAPL
_beng
041 _2eng
_aeng
082 _aC21:(D), P4;1 Carpa
100 _aDELERUE C
_9457097
245 0 _aNanostructures:theory & modelling
_b LANNOO M
260 _aBerlin
_bSpringer
_c2004
300 _a304p
_ccm.
490 _aNanoscience and technology
500 _aIncludes Bibliography reference281-297p; Index299-304p
650 _a Nanoscience
_9642646
650 _a Solid engineering
_9714651
650 _aPhysics
700 _a LANNOO M
_9457098
942 _hC21:(D), P4;1 Carpa
_cTB
_2CC
999 _c1210642
_d1210642